Регионална библиотека "Любен Каравелов" - Русе

Канарчета (Запис номер 75029)

MARC детайли
000 -Лидер
Контролно поле с фиксирана дължина 01432nam a2200349 c 4500
003 - Код на организацията, давaща контролен номер
Контролно поле BLK
005 - Дата и час на последна редакция
Контролно поле 20180422103458.0
008 - Елементи от данни с фиксирана дължина
fixed length control field 180408b bul|||||r ||||||| ||bul||
010 ## - Наследен системен номер
LC control number KNG00079437000
020 ## - Международен стандартен номер на книга ISBN
Международен стандартен номер на книга ISBN 954-8793-77-6
-- издат.: ЕМАС
040 ## - Източник на каталожния запис
Идентификатор на билиотеката - собственик на записа BLK
041 ## - Код за език
Код за езика на текст/звукозапис или на отделно заглавие Български
Код за езика КДБФ Български
080 ## - УДК
Текстов определител УДК Птици, които се отглеждат от човека. Декоративни и пойни птици
УДК код - определител по УДК 636.6
УДК определител (035)
УДК - код + определител 636.6(035)
100 1# - Редна дума - Автор
Автор Шпайхер, Клаус
Авторска отговорност първи автор
R(LIN) 297201
139 ## - Редно поле
Редна дума Шпайхер, Клаус
Авторски знак Шп - Ш 92
245 10 - Сведения за заглавието
Заглавие Канарчета
Подзаглавни данни 120 породи - пеене, цветове, позитура
Редно поле (дума) Клаус Шпайхер; прев. Радка Андреева.
257 ## - Страна на издаване
Страна на създаване/издаване Германия
260 ## - Област на издателските данни
-- София
Име на издателя, разпространителя и проч. ЕМАС
Година на издаване 2007
Печатница София : Балкан прес
300 ## - Физическа характеристика
Страници 240 с.
Илюстрации и др. с ил., 16 л. цв. ил.
Размери/Мащаб 20 см
380 ## - Жанр
Жанр Селско стопанство
490 1# - СЕРИИ (Колекции)
Име на серия Домашни любимци
500 ## - Общи забележки
Забележка Ориг. загл. Kanarien / Klaus Speicher. - Офс. изд.
650 #4 - Допълнително описание по предмет – тема
Основно описание – тема или топоним Птици, декоративни - отглеждане и болести
9 (RLIN) 253612
653 ## - Ключова дума – ненормативна
Ключова дума декоративни птици
653 ## - Ключова дума – ненормативна
Ключова дума канарчета
700 1# - Други автори (авторска отговорност)
Лично име Андреева, Радка
Автороска отговорност (Описва отношението между автора и произведението) прев.
9 (RLIN) 371710
852 ## - Местоположение
Форматна сигнатура Цб 237006
856 4# - Електронен адрес и достъп
Електронен формат pdf - файл
Път до файла /url/
856 4# - Електронен адрес и достъп
Електронен формат pdf - файл
Път до файла /url/
942 ## - АРТИКУЛИ
Вид на библиотечния материал Книги
Скрит в OPAC Не
944 ## - СЪЗДАВАНЕ И РЕДАКЦИЯ на ЗАПИСА
Създаване/Редакция Създаване
Дата на регистрацията/редакция 19.11.2007
Служител, извършил регистрацията/редакцията Людмила_Стоянова
944 ## - СЪЗДАВАНЕ И РЕДАКЦИЯ на ЗАПИСА
Създаване/Редакция Редакция
Дата на регистрацията/редакция 16.10.2008
Служител, извършил регистрацията/редакцията
999 ## - СИСТЕМНИ КОНТРОЛНИ НОМЕРА
Koha biblionumber 75029
Koha biblioitemnumber 75029
Наличности
Код за отписване Код за изгубен артикул Код за повреда Коз за рестрикции Код за отдаване Артикулен № Име на библиотеката - собственик Име на библиотеката, в която се намира в момента Статус (Текущо местоположение) Дата на вписване в системата Местоположение - отдел Цена в лева Инвентарен номер Систематично азбучна сигнатура Баркод Номер на екземпляра Цена в евро Служебна бележка Служебен тип на артикула
  Не е изгубен Не е повреден без рестрикции ползва се в читалня 121942 Регионална библиотека "Любен Каравелов" Русе Регионална библиотека "Любен Каравелов" Русе Хранилище 2007-11-19 Хранилище 0.00 120000720057 Цб 237006 120000720057 1 0.00 Дост: Dp Вид: Д N: 31 Дата: 11.07.2007 Книги
  Не е изгубен Не е повреден без рестрикции заемане за дома 121943 Регионална библиотека "Любен Каравелов" Русе Регионална библиотека "Любен Каравелов" Русе Детски отдел 2008-09-26 Детски отдел 9.00 120000729745 ДН 636/639/Ш 92 120000729745 2 4.60 Дост: Pk Вид: Ф N: 8935 Дата: 24.09.2008 Дата инв: 20.08.2015 Бележки инв: Д2015 Книги
  Не е изгубен Не е повреден без рестрикции заемане за дома 121944 Регионална библиотека "Любен Каравелов" Русе Регионална библиотека "Любен Каравелов" Русе Детски отдел 2008-09-26 Детски отдел 9.00 120000729746 ДН 636/639/Ш 92 120000729746 3 4.60 Дост: Pk Вид: Ф N: 8935 Дата: 24.09.2008 Дата инв: 20.08.2015 Бележки инв: Д2015 Книги
  Не е изгубен Не е повреден без рестрикции заемане за дома 121945 Регионална библиотека "Любен Каравелов" Русе Регионална библиотека "Любен Каравелов" Русе Детски отдел 2008-09-29 Детски отдел 10.00 120000729842 ДН 636/639/Ш 92 120000729842 4 5.11 Дост: Pk Вид: Ф N: 8936 Дата: 24.09.2008 Дата инв: 20.08.2015 Бележки инв: Д2015 Книги
  Не е изгубен Не е повреден без рестрикции заемане за дома 121946 Регионална библиотека "Любен Каравелов" Русе Регионална библиотека "Любен Каравелов" Русе Детски отдел 2008-09-29 Детски отдел 10.00 120000729843 ДН 636/639/Ш 92 120000729843 5 5.11 Дост: Pk Вид: Ф N: 8936 Дата: 24.09.2008 Дата инв: 20.08.2015 Бележки инв: Д2015 Книги
Vip Innovations Ltd, Rousse, Bulgaria 2025